000 00277nam a2200109Ia 4500
008 190216s9999||||xx |||||||||||||| ||und||
100 _aTapan P Bagchi
245 0 _a"Iso 9000 Concepts, Methods And Implementation"
260 _bKalyani Pub:-
_c1996
300 _a408p
942 _cBK
999 _c5621
_d5621